Suomalaiset NHL-pelaajat 2010-luvulla - Statistics

Yleistilastot
  • Tätä visaa on pelattu 1 355 kertaa
  • Keskiarvotulos 55 / 106
Vastaustilastot
Hint Vastaus % Oikein
Maalivahti Pekka Rinne
90%
Hyökkääjä Sebastian Aho
89%
Maalivahti Tuukka Rask
89%
Hyökkääjä Joonas Rask
85%
Hyökkääjä Mikko Koivu
85%
Hyökkääjä Patrik Laine
85%
Hyökkääjä Saku Koivu
85%
Hyökkääjä Teemu Selänne
85%
Hyökkääjä Mikko Rantanen
84%
Hyökkääjä Aleksander Barkov
83%
Hyökkääjä Mikael Granlund
81%
Puolustaja Miro Heiskanen
81%
Maalivahti Juuse Saros
80%
Hyökkääjä Markus Granlund
80%
Hyökkääjä Jesse Puljujärvi
78%
Puolustaja Esa Lindell
74%
Hyökkääjä Kasperi Kapanen
74%
Hyökkääjä Olli Jokinen
74%
Hyökkääjä Teuvo Teräväinen
74%
Hyökkääjä Jussi Jokinen
73%
Hyökkääjä Roope Hintz
73%
Maalivahti Kari Lehtonen
72%
Maalivahti Antti Raanta
71%
Maalivahti Miikka Kiprusoff
71%
Maalivahti Antti Niemi
70%
Puolustaja Olli Määttä
67%
Puolustaja Rasmus Ristolainen
67%
Hyökkääjä Valtteri Filppula
67%
Puolustaja Kimmo Timonen
66%
Hyökkääjä Artturi Lehkonen
64%
Hyökkääjä Joel Armia
61%
Hyökkääjä Kaapo Kakko
61%
Puolustaja Sami Salo
60%
Hyökkääjä Jarkko Ruutu
59%
Maalivahti Joonas Korpisalo
59%
Hyökkääjä Tuomo Ruutu
59%
Puolustaja Sami Vatanen
58%
Hyökkääjä Erik Haula
56%
Hyökkääjä Jere Lehtinen
56%
Hyökkääjä Jesperi Kotkaniemi
56%
Hyökkääjä Leo Komarov
56%
Puolustaja Henri Jokiharju
55%
Hyökkääjä Joonas Donskoi
55%
Maalivahti Mikko Koskinen
54%
Hyökkääjä Jori Lehterä
53%
Maalivahti Kaapo Kähkönen
53%
Maalivahti Niklas Bäckström
52%
Hyökkääjä Eetu Luostarinen
50%
Maalivahti Christopher Gibson
48%
Hyökkääjä Eeli Tolvanen
47%
Puolustaja Urho Vaakanainen
47%
Puolustaja Joni Pitkänen
45%
Maalivahti Vesa Toskala
45%
Hyökkääjä Ville Leino
45%
Maalivahti Antero Niittymäki
44%
Maalivahti Harri Säteri
44%
Maalivahti Joni Ortio
44%
Maalivahti Karri Rämö
44%
Hyökkääjä Lauri Korpikoski
44%
Puolustaja Ville Heinola
44%
Hyökkääjä Iiro Pakarinen
43%
Puolustaja Juuso Välimäki
43%
Hyökkääjä Kristian Vesalainen
43%
Hyökkääjä Teemu Hartikainen
43%
Puolustaja Julius Honka
42%
Hyökkääjä Niklas Hagman
42%
Maalivahti Sami Aittokallio
42%
Hyökkääjä Sean Bergenheim
42%
Puolustaja Markus Nutivaara
41%
Puolustaja Sami Lepistö
41%
Puolustaja Toni Lydman
41%
Hyökkääjä Juho Lammikko
40%
Puolustaja Jyrki Jokipakka
40%
Hyökkääjä Antti Miettinen
39%
Hyökkääjä Lennart Petrell
39%
Puolustaja Sami Niku
39%
Puolustaja Anssi Salmela
38%
Hyökkääjä Harri Pesonen
38%
Hyökkääjä Miikka Salomäki
38%
Hyökkääjä Antti Suomela
37%
Hyökkääjä Henrik Borgström
37%
Maalivahti Iiro Tarkki
37%
Hyökkääjä Janne Kuokkanen
37%
Maalivahti Jussi Rynnäs
37%
Maalivahti Kasimir Kaskisuo
37%
Hyökkääjä Teemu Pulkkinen
37%
Hyökkääjä Jesse Joensuu
36%
Hyökkääjä Petteri Nokelainen
36%
Hyökkääjä Henrik Haapala
35%
Hyökkääjä Joonas Kemppainen
34%
Hyökkääjä Kalle Kossila
34%
Hyökkääjä Otto Koivula
34%
Puolustaja Petteri Lindbohm
34%
Puolustaja Teemu Laakso
33%
Hyökkääjä Aleksi Saarela
32%
Puolustaja Juuso Riikola
32%
Hyökkääjä Joonas Nättinen
31%
Hyökkääjä Markus Hännikäinen
31%
Hyökkääjä Michael Keränen
31%
Puolustaja Rasmus Rissanen
31%
Hyökkääjä Oskar Osala
30%
Hyökkääjä Saku Mäenalanen
30%
Hyökkääjä Joona Luoto
28%
Hyökkääjä Mika Pyörälä
28%
Puolustaja Otto Leskinen
28%
Hyökkääjä Ilkka Pikkarainen
27%
Ehtoja vastaavia visoja ei löytynyt
Tulosjakauma
Jokaisen tuloksen saaneiden osuus
Persentiili vastausten määrän mukaan
Tuloshistoriasi
Et ole pelannut tätä visaa